[Event "Deutsche Ländermeisterschaft 2017"]
[Site "Hannover GER"]
[Date "2017.10.01"]
[Round "3"]
[White "Ruff, Maximilian"]
[Black "Reuker, Jari"]
[Result "1/2-1/2"]
[Termination "normal"]
[Board "1.1"]
[WhiteTitle "FM"]
[WhiteElo "2315"]
[BlackElo "2335"]
[WhiteClock "00:01:58"]
[BlackClock "00:05:04"]
[WhiteTeam "Baden 1"]
[BlackTeam "Niedersachsen"]
[PlyCount "136"]
[WhiteFideId "1271670"]
[BlackFideId "12909300"]
[EventCountry "GER"]
[EventRounds "7"]
[EventType "team-swiss"]
[EventDate "2017.09.29"]

1. d4 {[%clk 1:30:58]} Nf6 {[%clk 1:30:50]} 2. c4 {[%clk 1:31:23]} e6 {[%clk
1:31:16]} 3. Nc3 {[%clk 1:31:49]} Bb4 {[%clk 1:31:27]} 4. Qc2 {[%clk 1:32:02]}
O-O {[%clk 1:31:43]} 5. Nf3 {[%clk 1:32:18]} d5 {[%clk 1:31:49]} 6. cxd5 {[%clk
1:31:57]} exd5 {[%clk 1:32:03]} 7. Bf4 {[%clk 1:32:18]} c5 {[%clk 1:31:59]} 8.
dxc5 {[%clk 1:31:57]} Nbd7 {[%clk 1:27:17]} 9. e3 {[%clk 1:21:39]} Qa5 {[%clk
1:26:41]} 10. Bd3 {[%clk 1:18:25]} Nxc5 {[%clk 1:24:25]} 11. O-O {[%clk
1:14:48]} Bxc3 {[%clk 1:23:18]} 12. bxc3 {[%clk 1:15:05]} Nxd3 {[%clk 1:22:03]}
13. Qxd3 {[%clk 1:15:29]} b6 {[%clk 1:16:50]} 14. Rfd1 {[%clk 1:08:52]} Ba6
{[%clk 1:15:12]} 15. Qf5 {[%clk 1:03:23]} Be2 {[%clk 1:09:19]} 16. Rdc1 {[%clk
0:56:32]} Qa4 {[%clk 1:01:28]} 17. Nd4 {[%clk 0:52:40]} Bh5 {[%clk 0:53:05]}
18. Be5 {[%clk 0:44:10]} Bg6 {[%clk 0:51:43]} 19. Qf4 {[%clk 0:40:34]} Ne4
{[%clk 0:49:00]} 20. Nf5 {[%clk 0:33:50]} Qd7 {[%clk 0:45:56]} 21. Nh4 {[%clk
0:22:04]} Rac8 {[%clk 0:43:58]} 22. c4 {[%clk 0:12:29]} Qc6 {[%clk 0:35:55]}
23. f3 {[%clk 0:10:54]} Nc5 {[%clk 0:32:43]} 24. cxd5 {[%clk 0:06:14]} Qxd5
{[%clk 0:32:59]} 25. Nxg6 {[%clk 0:06:32]} hxg6 {[%clk 0:32:52]} 26. Rd1 {[%clk
0:05:04]} Nd3 {[%clk 0:31:41]} 27. Qd4 {[%clk 0:05:11]} Qxe5 {[%clk 0:31:26]}
28. Rxd3 {[%clk 0:05:12]} Qa5 {[%clk 0:27:00]} 29. Rd2 {[%clk 0:03:30]} Rc3
{[%clk 0:22:56]} 30. e4 {[%clk 0:02:07]} Rfc8 {[%clk 0:22:32]} 31. Rad1 {[%clk
0:02:30]} Qg5 {[%clk 0:20:21]} 32. Kh1 {[%clk 0:01:14]} b5 {[%clk 0:19:04]} 33.
h3 {[%clk 0:01:23]} a6 {[%clk 0:12:17]} 34. Qd5 {[%clk 0:01:27]} Qe3 {[%clk
0:10:36]} 35. Qd4 {[%clk 0:01:40]} Qxd4 {[%clk 0:09:47]} 36. Rxd4 {[%clk
0:02:08]} Ra3 {[%clk 0:05:47]} 37. R1d2 {[%clk 0:01:47]} a5 {[%clk 0:02:14]}
38. Kh2 {[%clk 0:01:18]} b4 {[%clk 0:01:15]} 39. Kg3 {[%clk 0:00:51]} Rac3
{[%clk 0:00:53]} 40. Kf4 {[%clk 0:00:33]} f6 41. Rd7 {[%clk 0:28:01]} R3c7
{[%clk 0:27:14]} 42. Rxc7 {[%clk 0:20:36]} Rxc7 {[%clk 0:26:13]} 43. Rd5 {[%clk
0:12:07]} Ra7 {[%clk 0:24:57]} 44. Rb5 {[%clk 0:11:46]} Kf7 {[%clk 0:25:11]}
45. Rb6 {[%clk 0:08:45]} Ke7 {[%clk 0:24:09]} 46. e5 {[%clk 0:08:06]} Rc7
{[%clk 0:23:46]} 47. Ra6 {[%clk 0:04:25]} Rc4+ {[%clk 0:23:11]} 48. Kg3 {[%clk
0:04:51]} Rc5 {[%clk 0:22:34]} 49. exf6+ {[%clk 0:03:20]} gxf6 {[%clk 0:23:02]}
50. h4 {[%clk 0:03:37]} Rf5 {[%clk 0:22:00]} 51. Kg4 {[%clk 0:03:42]} Kd7
{[%clk 0:21:31]} 52. f4 {[%clk 0:01:47]} Ke7 {[%clk 0:20:31]} 53. g3 {[%clk
0:01:57]} Rc5 {[%clk 0:20:46]} 54. Kh3 {[%clk 0:00:42]} Kf7 {[%clk 0:20:57]}
55. Kg4 {[%clk 0:01:07]} Kg7 {[%clk 0:21:20]} 56. Ra7+ {[%clk 0:01:16]} Kh6
{[%clk 0:20:30]} 57. Ra6 {[%clk 0:00:46]} Kg7 {[%clk 0:17:27]} 58. Ra7+ {[%clk
0:01:13]} Kf8 {[%clk 0:17:48]} 59. Kf3 {[%clk 0:00:31]} Rc3+ {[%clk 0:13:13]}
60. Ke4 {[%clk 0:00:57]} Ra3 {[%clk 0:07:03]} 61. Kd5 {[%clk 0:01:22]} Rxa2
{[%clk 0:06:41]} 62. Ke6 {[%clk 0:01:48]} Rc2 {[%clk 0:06:12]} 63. Kxf6 {[%clk
0:00:41]} Rc6+ {[%clk 0:06:37]} 64. Kg5 {[%clk 0:01:04]} Rb6 {[%clk 0:04:54]}
65. Rxa5 {[%clk 0:00:58]} b3 {[%clk 0:05:22]} 66. Ra1 {[%clk 0:01:23]} b2
{[%clk 0:05:36]} 67. Rb1 {[%clk 0:01:49]} Kg7 {[%clk 0:06:03]} 68. g4 {[%clk
0:01:58]} Rb5+ {[%clk 0:05:04]} 1/2-1/2

[Event "Deutsche Ländermeisterschaft 2017"]
[Site "Hannover GER"]
[Date "2017.10.01"]
[Round "3"]
[White "Vöge, Tobias"]
[Black "Heinemann, Josefine"]
[Result "0-1"]
[Termination "normal"]
[Board "1.2"]
[WhiteTitle "FM"]
[BlackTitle "WIM"]
[WhiteElo "2188"]
[BlackElo "2292"]
[WhiteClock "00:02:50"]
[BlackClock "00:40:42"]
[WhiteTeam "Niedersachsen"]
[BlackTeam "Baden 1"]
[PlyCount "116"]
[WhiteFideId "1270513"]
[BlackFideId "12900460"]
[EventCountry "GER"]
[EventRounds "7"]
[EventType "team-swiss"]
[EventDate "2017.09.29"]

1. c4 {[%clk 1:30:57]} c5 {[%clk 1:30:57]} 2. g3 {[%clk 1:31:21]} Nf6 {[%clk
1:31:21]} 3. Bg2 {[%clk 1:31:46]} d5 {[%clk 1:31:46]} 4. cxd5 {[%clk 1:32:13]}
Nxd5 {[%clk 1:32:13]} 5. Nc3 {[%clk 1:31:40]} Nc7 {[%clk 1:32:37]} 6. Nf3
{[%clk 1:32:03]} Nc6 {[%clk 1:33:03]} 7. O-O {[%clk 1:31:42]} e5 {[%clk
1:32:57]} 8. a3 {[%clk 1:31:03]} f6 {[%clk 1:29:46]} 9. d3 {[%clk 1:31:16]} Be6
{[%clk 1:29:11]} 10. Be3 {[%clk 1:29:57]} Be7 {[%clk 1:26:24]} 11. Nd2 {[%clk
1:24:15]} Qd7 {[%clk 1:23:06]} 12. Rc1 {[%clk 1:16:49]} Na6 {[%clk 1:20:34]}
13. Qa4 {[%clk 0:45:21]} Rc8 {[%clk 1:16:48]} 14. Nc4 {[%clk 0:35:12]} O-O
{[%clk 1:14:16]} 15. Na5 {[%clk 0:33:31]} Nab8 {[%clk 1:09:14]} 16. Nxc6 {[%clk
0:29:23]} Nxc6 {[%clk 1:09:35]} 17. b4 {[%clk 0:28:00]} cxb4 {[%clk 1:05:16]}
18. axb4 {[%clk 0:28:04]} Nd4 {[%clk 1:03:52]} 19. Bxd4 {[%clk 0:27:05]} Qxd4
{[%clk 0:57:46]} 20. Nd5 {[%clk 0:17:35]} Bxd5 {[%clk 0:54:06]} 21. Rxc8 {[%clk
0:15:54]} Rxc8 {[%clk 0:54:12]} 22. Qd7 {[%clk 0:13:23]} Rd8 {[%clk 0:52:45]}
23. Bxd5+ {[%clk 0:12:26]} Kf8 {[%clk 0:52:31]} 24. Qxb7 {[%clk 0:10:19]} Rxd5
{[%clk 0:51:18]} 25. Rc1 {[%clk 0:07:45]} Rd7 {[%clk 0:49:40]} 26. Rc8+ {[%clk
0:06:36]} Kf7 {[%clk 0:48:58]} 27. Qa6 {[%clk 0:02:34]} Qxb4 {[%clk 0:42:36]}
28. Qa2+ {[%clk 0:02:45]} Kg6 {[%clk 0:43:01]} 29. Rc4 {[%clk 0:02:27]} Qe1+
{[%clk 0:41:14]} 30. Kg2 {[%clk 0:02:56]} h5 {[%clk 0:40:20]} 31. Qa4 {[%clk
0:02:18]} Rd8 {[%clk 0:38:55]} 32. Qxa7 {[%clk 0:02:13]} Kf7 {[%clk 0:39:06]}
33. Qa2 {[%clk 0:01:36]} Kf8 {[%clk 0:39:18]} 34. Rh4 {[%clk 0:01:35]} g6
{[%clk 0:38:21]} 35. Rc4 {[%clk 0:01:48]} Rb8 {[%clk 0:37:29]} 36. g4 {[%clk
0:00:44]} h4 {[%clk 0:33:37]} 37. Qa7 {[%clk 0:00:54]} Re8 {[%clk 0:33:22]} 38.
g5 {[%clk 0:00:55]} h3+ {[%clk 0:32:47]} 39. Kxh3 {[%clk 0:01:04]} Qxe2 {[%clk
0:33:04]} 40. Kg2 {[%clk 0:00:53]} Qxd3 {[%clk 0:33:03]} 41. Rh4 {[%clk
0:27:43]} Qd5+ {[%clk 1:02:17]} 42. Kg1 {[%clk 0:25:53]} Kg7 {[%clk 1:02:17]}
43. gxf6+ {[%clk 0:24:16]} Kxf6 {[%clk 1:02:03]} 44. Rh7 {[%clk 0:23:00]} Qe6
{[%clk 0:59:01]} 45. Qa4 {[%clk 0:22:27]} Bf8 {[%clk 0:49:28]} 46. Rc7 {[%clk
0:19:03]} Kg5 {[%clk 0:44:27]} 47. h4+ {[%clk 0:15:38]} Kh6 {[%clk 0:44:40]}
48. Qe4 {[%clk 0:07:05]} Qf5 {[%clk 0:39:49]} 49. Qb7 {[%clk 0:04:49]} Kh5
{[%clk 0:39:46]} 50. Rf7 {[%clk 0:03:08]} Qg4+ {[%clk 0:39:27]} 51. Kf1 {[%clk
0:03:29]} Rd8 {[%clk 0:38:27]} 52. f3 {[%clk 0:02:05]} Qh3+ {[%clk 0:38:51]}
53. Ke1 {[%clk 0:01:09]} Qg3+ {[%clk 0:38:52]} 54. Ke2 {[%clk 0:01:31]} Qg2+
{[%clk 0:39:14]} 55. Ke1 {[%clk 0:01:41]} Qd2+ {[%clk 0:39:29]} 56. Kf1 {[%clk
0:02:07]} Qd1+ {[%clk 0:39:54]} 57. Kf2 {[%clk 0:02:23]} Rd2+ {[%clk 0:40:17]}
58. Ke3 {[%clk 0:02:50]} Qe2# {[%clk 0:40:42]} 0-1

[Event "Deutsche Ländermeisterschaft 2017"]
[Site "Hannover GER"]
[Date "2017.10.01"]
[Round "3"]
[White "Gschnitzer, Adrian"]
[Black "Schulze, Lara"]
[Result "1-0"]
[Termination "normal"]
[Board "1.3"]
[BlackTitle "WFM"]
[WhiteElo "2351"]
[BlackElo "2130"]
[WhiteClock "00:36:35"]
[BlackClock "00:09:25"]
[WhiteTeam "Baden 1"]
[BlackTeam "Niedersachsen"]
[PlyCount "89"]
[WhiteFideId "1270337"]
[BlackFideId "12956830"]
[EventCountry "GER"]
[EventRounds "7"]
[EventType "team-swiss"]
[EventDate "2017.09.29"]

1. e4 {[%clk 1:30:58]} e6 {[%clk 1:30:58]} 2. d4 {[%clk 1:31:20]} d5 {[%clk
1:31:24]} 3. Nd2 {[%clk 1:31:44]} c5 {[%clk 1:31:50]} 4. exd5 {[%clk 1:32:06]}
Qxd5 {[%clk 1:32:13]} 5. Ngf3 {[%clk 1:32:26]} cxd4 {[%clk 1:32:36]} 6. Bc4
{[%clk 1:32:49]} Qd7 {[%clk 1:32:55]} 7. O-O {[%clk 1:33:10]} Nc6 {[%clk
1:33:12]} 8. Nb3 {[%clk 1:33:32]} a6 {[%clk 1:33:28]} 9. Nbxd4 {[%clk 1:33:37]}
Nxd4 {[%clk 1:33:49]} 10. Nxd4 {[%clk 1:34:01]} Qc7 {[%clk 1:33:34]} 11. Bb3
{[%clk 1:34:15]} Bd6 {[%clk 1:33:37]} 12. h3 {[%clk 1:33:37]} Ne7 {[%clk
1:32:55]} 13. Re1 {[%clk 1:33:02]} O-O {[%clk 1:31:28]} 14. c3 {[%clk 1:28:08]}
Bd7 {[%clk 1:25:23]} 15. Qh5 {[%clk 1:25:18]} g6 {[%clk 1:09:14]} 16. Qh4
{[%clk 1:21:36]} e5 {[%clk 0:46:55]} 17. Bh6 {[%clk 1:17:45]} Qd8 {[%clk
0:41:05]} 18. Bxf8 {[%clk 1:14:49]} Qxf8 {[%clk 0:40:30]} 19. Qf6 {[%clk
1:13:24]} Bc7 {[%clk 0:35:52]} 20. Nf3 {[%clk 1:11:33]} Nc6 {[%clk 0:36:17]}
21. Ng5 {[%clk 1:08:24]} Be8 {[%clk 0:36:25]} 22. Ne4 {[%clk 1:06:28]} Bd8
{[%clk 0:35:48]} 23. Qd6 {[%clk 1:04:29]} Be7 {[%clk 0:36:07]} 24. Qc7 {[%clk
0:59:13]} Bd8 {[%clk 0:27:16]} 25. Qd6 {[%clk 0:59:37]} Be7 {[%clk 0:27:41]}
26. Qd3 {[%clk 0:59:53]} Kg7 {[%clk 0:25:49]} 27. Rad1 {[%clk 0:58:14]} Rd8
{[%clk 0:24:36]} 28. Qe3 {[%clk 0:53:19]} Rxd1 {[%clk 0:20:49]} 29. Rxd1 {[%clk
0:53:26]} f5 {[%clk 0:20:34]} 30. Ng5 {[%clk 0:52:46]} Bxg5 {[%clk 0:20:59]}
31. Qxg5 {[%clk 0:53:08]} f4 {[%clk 0:18:56]} 32. Bd5 {[%clk 0:50:33]} Qf6
{[%clk 0:18:11]} 33. Qxf6+ {[%clk 0:43:40]} Kxf6 {[%clk 0:18:39]} 34. f3 {[%clk
0:42:26]} g5 {[%clk 0:15:35]} 35. Kf2 {[%clk 0:42:23]} h5 {[%clk 0:15:37]} 36.
a4 {[%clk 0:40:19]} Nd8 {[%clk 0:13:57]} 37. a5 {[%clk 0:40:03]} Nc6 {[%clk
0:11:04]} 38. Bxc6 {[%clk 0:39:04]} Bxc6 {[%clk 0:11:29]} 39. b4 {[%clk
0:36:58]} e4 {[%clk 0:09:04]} 40. fxe4 {[%clk 0:37:08]} Bxe4 {[%clk 0:09:29]}
41. c4 {[%clk 0:36:34]} Bc6 {[%clk 0:09:10]} 42. b5 {[%clk 0:35:57]} axb5
{[%clk 0:09:10]} 43. Rd6+ {[%clk 0:36:19]} Ke7 {[%clk 0:08:56]} 44. Rxc6 {[%clk
0:36:21]} bxc6 {[%clk 0:09:25]} 45. a6 {[%clk 0:36:35]} 1-0

[Event "Deutsche Ländermeisterschaft 2017"]
[Site "Hannover GER"]
[Date "2017.10.01"]
[Round "3"]
[White "Polster, Christian"]
[Black "Färber, David"]
[Result "1/2-1/2"]
[Termination "normal"]
[Board "1.4"]
[WhiteTitle "FM"]
[WhiteElo "2144"]
[BlackElo "2247"]
[WhiteClock "00:05:32"]
[BlackClock "00:31:19"]
[WhiteTeam "Niedersachsen"]
[BlackTeam "Baden 1"]
[PlyCount "49"]
[WhiteFideId "12965081"]
[BlackFideId "12971294"]
[EventCountry "GER"]
[EventRounds "7"]
[EventType "team-swiss"]
[EventDate "2017.09.29"]

1. Nf3 {[%clk 1:30:04]} d5 {[%clk 1:30:45]} 2. c4 {[%clk 1:27:51]} c6 {[%clk
1:30:28]} 3. cxd5 {[%clk 1:24:59]} cxd5 {[%clk 1:29:12]} 4. d4 {[%clk 1:23:48]}
Nc6 {[%clk 1:29:21]} 5. Nc3 {[%clk 1:23:19]} Nf6 {[%clk 1:29:14]} 6. g3 {[%clk
1:21:47]} Bf5 {[%clk 1:25:55]} 7. Bg2 {[%clk 1:19:31]} e6 {[%clk 1:25:20]} 8.
O-O {[%clk 1:18:55]} Bd6 {[%clk 1:24:46]} 9. Nh4 {[%clk 1:14:45]} Bg4 {[%clk
1:23:06]} 10. Qd3 {[%clk 0:53:05]} Be7 {[%clk 1:05:50]} 11. h3 {[%clk 0:33:24]}
Bh5 {[%clk 1:04:49]} 12. g4 {[%clk 0:33:16]} Bg6 {[%clk 1:04:50]} 13. Nxg6
{[%clk 0:32:22]} hxg6 {[%clk 1:05:08]} 14. Rd1 {[%clk 0:31:59]} O-O {[%clk
1:02:57]} 15. Bf4 {[%clk 0:32:11]} Rc8 {[%clk 1:00:55]} 16. Rac1 {[%clk
0:24:58]} Qd7 {[%clk 0:54:51]} 17. Qb1 {[%clk 0:11:22]} Rfd8 {[%clk 0:50:03]}
18. Bg3 {[%clk 0:09:58]} Bd6 {[%clk 0:49:09]} 19. Bxd6 {[%clk 0:10:03]} Qxd6
{[%clk 0:49:30]} 20. e3 {[%clk 0:09:59]} Nd7 {[%clk 0:43:48]} 21. e4 {[%clk
0:07:46]} dxe4 {[%clk 0:41:54]} 22. d5 {[%clk 0:07:45]} exd5 {[%clk 0:39:30]}
23. Nxd5 {[%clk 0:07:34]} Qe5 {[%clk 0:34:19]} 24. Bxe4 {[%clk 0:06:27]} Nf6
{[%clk 0:31:19]} 25. Nxf6+ {[%clk 0:05:32]} 1/2-1/2

[Event "Deutsche Ländermeisterschaft 2017"]
[Site "Hannover GER"]
[Date "2017.10.01"]
[Round "3"]
[White "Trifan, Andrei Ioan"]
[Black "Pubantz, Jan"]
[Result "1/2-1/2"]
[Termination "normal"]
[Board "1.5"]
[WhiteElo "2197"]
[BlackElo "2030"]
[WhiteClock "00:23:43"]
[BlackClock "00:05:40"]
[WhiteTeam "Baden 1"]
[BlackTeam "Niedersachsen"]
[PlyCount "64"]
[WhiteFideId "12967068"]
[BlackFideId "12996114"]
[EventCountry "GER"]
[EventRounds "7"]
[EventType "team-swiss"]
[EventDate "2017.09.29"]

1. e4 {[%clk 1:30:32]} c5 {[%clk 1:30:54]} 2. Nf3 {[%clk 1:30:42]} d6 {[%clk
1:31:16]} 3. d4 {[%clk 1:30:41]} Nf6 {[%clk 1:31:12]} 4. Nc3 {[%clk 1:30:00]}
cxd4 {[%clk 1:31:36]} 5. Nxd4 {[%clk 1:30:10]} a6 {[%clk 1:31:34]} 6. f3 {[%clk
1:27:30]} e5 {[%clk 1:31:28]} 7. Nb3 {[%clk 1:26:17]} Be6 {[%clk 1:30:59]} 8.
Nd5 {[%clk 1:20:50]} Bxd5 {[%clk 1:29:33]} 9. exd5 {[%clk 1:20:55]} g6 {[%clk
1:26:08]} 10. Be3 {[%clk 1:18:00]} Nbd7 {[%clk 1:26:17]} 11. c4 {[%clk
1:16:47]} Rc8 {[%clk 1:25:01]} 12. Be2 {[%clk 1:15:45]} Bg7 {[%clk 1:25:24]}
13. O-O {[%clk 1:14:11]} O-O {[%clk 1:25:48]} 14. Rc1 {[%clk 1:12:10]} Re8
{[%clk 1:17:57]} 15. Qd2 {[%clk 1:07:57]} Nh5 {[%clk 0:54:12]} 16. Rfd1 {[%clk
1:00:50]} b6 {[%clk 0:37:28]} 17. Na1 {[%clk 0:52:39]} a5 {[%clk 0:33:10]} 18.
b4 {[%clk 0:39:40]} axb4 {[%clk 0:32:35]} 19. Nc2 {[%clk 0:38:29]} e4 {[%clk
0:30:15]} 20. Nxb4 {[%clk 0:37:14]} exf3 {[%clk 0:29:22]} 21. Bxf3 {[%clk
0:35:09]} Ne5 {[%clk 0:28:39]} 22. Bxh5 {[%clk 0:30:16]} gxh5 {[%clk 0:25:11]}
23. Nc6 {[%clk 0:27:42]} Nxc6 {[%clk 0:19:59]} 24. dxc6 {[%clk 0:28:02]} Rxc6
{[%clk 0:19:46]} 25. Qd5 {[%clk 0:26:01]} Qc7 {[%clk 0:17:50]} 26. Bd4 {[%clk
0:24:45]} Bxd4+ {[%clk 0:13:57]} 27. Qxd4 {[%clk 0:24:40]} Re6 {[%clk 0:11:48]}
28. Rc3 {[%clk 0:23:33]} Qe7 {[%clk 0:07:11]} 29. Rg3+ {[%clk 0:23:48]} Rg6
{[%clk 0:07:33]} 30. Re3 {[%clk 0:23:42]} Re6 {[%clk 0:05:45]} 31. Rg3+ {[%clk
0:24:00]} Rg6 {[%clk 0:06:10]} 32. Re3 {[%clk 0:23:43]} Re6 {[%clk 0:05:40]}
1/2-1/2

[Event "Deutsche Ländermeisterschaft 2017"]
[Site "Hannover GER"]
[Date "2017.10.01"]
[Round "3"]
[White "Hommer, Jeremy"]
[Black "Mütsch, Annmarie"]
[Result "0-1"]
[Termination "normal"]
[Board "1.6"]
[WhiteElo "1948"]
[BlackElo "2137"]
[WhiteClock "00:58:02"]
[BlackClock "00:22:42"]
[WhiteTeam "Niedersachsen"]
[BlackTeam "Baden 1"]
[PlyCount "58"]
[WhiteFideId "12992577"]
[BlackFideId "12971367"]
[EventCountry "GER"]
[EventRounds "7"]
[EventType "team-swiss"]
[EventDate "2017.09.29"]

1. d4 {[%clk 1:30:58]} Nf6 {[%clk 1:30:55]} 2. Bf4 {[%clk 1:31:19]} d5 {[%clk
1:31:18]} 3. e3 {[%clk 1:31:43]} c5 {[%clk 1:31:41]} 4. c3 {[%clk 1:31:08]} Nc6
{[%clk 1:31:59]} 5. Bd3 {[%clk 1:30:36]} Qb6 {[%clk 1:30:56]} 6. b3 {[%clk
1:30:28]} Bg4 {[%clk 1:28:48]} 7. Nf3 {[%clk 1:25:29]} e6 {[%clk 1:25:47]} 8.
Nbd2 {[%clk 1:24:43]} Be7 {[%clk 1:21:54]} 9. O-O {[%clk 1:24:09]} Bh5 {[%clk
1:18:59]} 10. Rc1 {[%clk 1:22:01]} Rc8 {[%clk 1:18:19]} 11. h3 {[%clk 1:21:44]}
Bg6 {[%clk 1:15:56]} 12. Qe2 {[%clk 1:20:55]} O-O {[%clk 1:11:46]} 13. Ne5
{[%clk 1:20:02]} Nxe5 {[%clk 1:04:18]} 14. Bxe5 {[%clk 1:20:25]} Nd7 {[%clk
1:00:25]} 15. Bh2 {[%clk 1:19:36]} Bf6 {[%clk 0:56:02]} 16. Bxg6 {[%clk
1:18:11]} hxg6 {[%clk 0:56:20]} 17. Nf3 {[%clk 1:18:29]} a5 {[%clk 0:51:28]}
18. Qb2 {[%clk 1:15:04]} c4 {[%clk 0:48:19]} 19. Ra1 {[%clk 1:14:30]} cxb3
{[%clk 0:40:57]} 20. axb3 {[%clk 1:14:48]} Qb5 {[%clk 0:40:53]} 21. Rfc1 {[%clk
1:06:36]} b6 {[%clk 0:35:55]} 22. Rc2 {[%clk 1:04:58]} Rc6 {[%clk 0:34:21]} 23.
Rac1 {[%clk 1:04:13]} Rfc8 {[%clk 0:34:20]} 24. Nd2 {[%clk 1:04:08]} Qd3 {[%clk
0:21:43]} 25. c4 {[%clk 0:59:38]} Be7 {[%clk 0:21:22]} 26. Rc3 {[%clk 0:57:47]}
Qe2 {[%clk 0:21:34]} 27. cxd5 {[%clk 0:57:26]} Rxc3 {[%clk 0:21:51]} 28. Rxc3
{[%clk 0:57:50]} Rxc3 {[%clk 0:22:15]} 29. Qxc3 {[%clk 0:58:02]} Qe1+ {[%clk
0:22:42]} 0-1

[Event "Deutsche Ländermeisterschaft 2017"]
[Site "Hannover GER"]
[Date "2017.10.01"]
[Round "3"]
[White "Ziegenfuß, Antonia"]
[Black "Mönster, Madita"]
[Result "1/2-1/2"]
[Termination "normal"]
[Board "1.7"]
[WhiteElo "1956"]
[BlackElo "1730"]
[WhiteClock "00:04:39"]
[BlackClock "00:04:46"]
[WhiteTeam "Baden 1"]
[BlackTeam "Niedersachsen"]
[PlyCount "132"]
[WhiteFideId "12962554"]
[BlackFideId "12947156"]
[EventCountry "GER"]
[EventRounds "7"]
[EventType "team-swiss"]
[EventDate "2017.09.29"]

1. d4 {[%clk 1:30:58]} Nf6 {[%clk 1:30:48]} 2. c4 {[%clk 1:31:21]} e6 {[%clk
1:31:07]} 3. Nc3 {[%clk 1:31:43]} Bb4 {[%clk 1:31:27]} 4. Qc2 {[%clk 1:32:02]}
d5 {[%clk 1:30:17]} 5. cxd5 {[%clk 1:32:14]} exd5 {[%clk 1:30:05]} 6. Bg5
{[%clk 1:31:32]} O-O {[%clk 1:28:13]} 7. e3 {[%clk 1:30:30]} h6 {[%clk
1:25:10]} 8. Bh4 {[%clk 1:29:59]} b6 {[%clk 1:22:43]} 9. Bd3 {[%clk 1:27:21]}
Ba6 {[%clk 1:19:55]} 10. Nge2 {[%clk 1:24:01]} Bxd3 {[%clk 1:18:09]} 11. Qxd3
{[%clk 1:24:25]} Be7 {[%clk 1:16:24]} 12. O-O {[%clk 1:23:29]} Nbd7 {[%clk
1:13:35]} 13. Rfd1 {[%clk 1:20:45]} c6 {[%clk 1:10:01]} 14. Rac1 {[%clk
1:18:55]} Rc8 {[%clk 1:06:03]} 15. Rc2 {[%clk 1:04:54]} Ne4 {[%clk 1:00:31]}
16. Bxe7 {[%clk 1:03:38]} Qxe7 {[%clk 1:00:52]} 17. Rdc1 {[%clk 1:02:24]} Nd6
{[%clk 0:56:35]} 18. Nb1 {[%clk 0:51:05]} Nb8 {[%clk 0:48:08]} 19. Nd2 {[%clk
0:48:22]} Rfd8 {[%clk 0:44:21]} 20. Nf3 {[%clk 0:43:49]} Ne4 {[%clk 0:41:45]}
21. Ne5 {[%clk 0:28:01]} c5 {[%clk 0:36:14]} 22. Qa3 {[%clk 0:26:31]} Rc7
{[%clk 0:19:56]} 23. Nd3 {[%clk 0:19:53]} Rdc8 {[%clk 0:18:46]} 24. Nef4 {[%clk
0:17:31]} Qd6 {[%clk 0:14:52]} 25. f3 {[%clk 0:15:51]} Nf6 {[%clk 0:14:04]} 26.
dxc5 {[%clk 0:15:53]} bxc5 {[%clk 0:13:24]} 27. Rxc5 {[%clk 0:15:33]} Qb6
{[%clk 0:12:31]} 28. Rxc7 {[%clk 0:13:09]} Rxc7 {[%clk 0:12:55]} 29. Rxc7
{[%clk 0:13:32]} Qxc7 {[%clk 0:13:21]} 30. Qc5 {[%clk 0:12:46]} Qb7 {[%clk
0:12:31]} 31. b3 {[%clk 0:10:00]} Nbd7 {[%clk 0:12:23]} 32. Qc3 {[%clk
0:10:04]} Nb6 {[%clk 0:11:04]} 33. Nb4 {[%clk 0:09:20]} a5 {[%clk 0:09:29]} 34.
Nc6 {[%clk 0:06:10]} a4 {[%clk 0:09:42]} 35. Nd4 {[%clk 0:04:22]} Qa6 {[%clk
0:06:44]} 36. b4 {[%clk 0:02:27]} a3 {[%clk 0:04:45]} 37. Nd3 {[%clk 0:01:13]}
Nc4 {[%clk 0:03:41]} 38. b5 {[%clk 0:01:01]} Qb6 {[%clk 0:02:28]} 39. Nb4
{[%clk 0:00:45]} Qa5 {[%clk 0:00:43]} 40. Qb3 {[%clk 0:00:34]} Nxe3 {[%clk
0:00:31]} 41. Kf2 {[%clk 0:18:30]} Nc4 {[%clk 0:29:06]} 42. Nbc2 {[%clk
0:12:29]} Qd2+ {[%clk 0:20:17]} 43. Ne2 {[%clk 0:12:44]} Ne5 {[%clk 0:19:45]}
44. Qc3 {[%clk 0:07:55]} Nd3+ {[%clk 0:12:42]} 45. Kf1 {[%clk 0:08:10]} Qd1+
{[%clk 0:12:25]} 46. Ne1 {[%clk 0:08:34]} Nxe1 {[%clk 0:12:13]} 47. Qxe1 {[%clk
0:09:00]} Qa4 {[%clk 0:11:29]} 48. Qb1 {[%clk 0:08:08]} Qa7 {[%clk 0:10:59]}
49. b6 {[%clk 0:07:42]} Qb7 {[%clk 0:11:11]} 50. Nc3 {[%clk 0:06:31]} Nd7
{[%clk 0:10:59]} 51. Qb5 {[%clk 0:06:46]} d4 {[%clk 0:05:51]} 52. Na4 {[%clk
0:06:34]} g6 {[%clk 0:04:05]} 53. Qc4 {[%clk 0:05:51]} Nxb6 {[%clk 0:03:40]}
54. Qb5 {[%clk 0:05:15]} Qd7 {[%clk 0:04:04]} 55. Qxd7 {[%clk 0:05:34]} Nxd7
{[%clk 0:04:32]} 56. Ke2 {[%clk 0:05:58]} Ne5 {[%clk 0:04:16]} 57. Nb6 {[%clk
0:04:56]} Kf8 {[%clk 0:04:07]} 58. h3 {[%clk 0:05:00]} Ke7 {[%clk 0:04:31]} 59.
f4 {[%clk 0:05:22]} Nc6 {[%clk 0:04:53]} 60. Nc4 {[%clk 0:04:58]} Nb4 {[%clk
0:05:04]} 61. Nxa3 {[%clk 0:04:40]} Nxa2 {[%clk 0:05:28]} 62. Kd3 {[%clk
0:05:04]} Nb4+ {[%clk 0:05:01]} 63. Kxd4 {[%clk 0:05:26]} Ke6 {[%clk 0:05:05]}
64. Nc4 {[%clk 0:04:35]} Nc6+ {[%clk 0:05:02]} 65. Kc5 {[%clk 0:04:52]} Ne7
{[%clk 0:05:01]} 66. Kd4 {[%clk 0:04:39]} Nf5+ {[%clk 0:04:46]} 1/2-1/2